|
|
|
|
| LEADER |
00000nas a2200000 a 4500 |
| 001 |
ssj0029942 |
| 003 |
WaSeSS |
| 005 |
20200512172242.0 |
| 006 |
m d |
| 007 |
cr n |
| 008 |
861009d19861999njumr p s g 0 a0eng c |
| 010 |
|
|
|a 87644190
|z sn 86011355
|
| 022 |
|
|
|l 0890-7315
|y 0890-7315
|
| 035 |
|
|
|a (WaSeSS)ssj0029942
|
| 037 |
|
|
|b Prentice-Hall Law & Business, 855 Valley Rd., Clifton, NJ 07013
|
| 040 |
|
|
|a NSD
|b eng
|c NSD
|d OCL
|d DLC
|d NST
|d EBZ
|d NSD
|d OCLCQ
|d OCLCF
|d OCLCO
|d OCLCQ
|d WaSeSS
|
| 042 |
|
|
|a nsdp
|a pcc
|
| 043 |
|
|
|a n-us---
|
| 050 |
0 |
0 |
|a KF8911.A3
|b I57
|
| 082 |
0 |
0 |
|a 347.73/7
|a 347.3077
|2 19
|
| 210 |
0 |
|
|a Inside litig.
|
| 222 |
|
0 |
|a Inside litigation
|
| 245 |
0 |
0 |
|a Inside litigation
|h [electronic resource].
|
| 260 |
|
|
|a [Clifton, N.J.] :
|b [Prentice-Hall Law & Business]
|
| 310 |
|
|
|a Monthly
|
| 362 |
1 |
|
|a Began in Nov. 1986; ceased with v. 13, no. 12 published in 1999.
|
| 506 |
|
|
|a License restrictions may limit access.
|
| 588 |
|
|
|a Description based on: Vol. 1, no. 2 (Dec. 1986); title from caption.
|
| 588 |
|
|
|a Latest issue consulted: Vol. 1, no. 4 (Feb. 1987).
|
| 650 |
|
0 |
|a Trial practice
|z United States
|v Periodicals.
|
| 650 |
|
0 |
|a Civil procedure
|z United States
|v Periodicals.
|
| 650 |
|
7 |
|a Civil procedure.
|2 fast
|0 (OCoLC)fst00862585
|
| 650 |
|
7 |
|a Trial practice.
|2 fast
|0 (OCoLC)fst01156264
|
| 651 |
|
7 |
|a United States.
|2 fast
|0 (OCoLC)fst01204155
|
| 655 |
|
0 |
|a Electronic journals.
|
| 850 |
|
|
|a DLC
|a NcD-L
|
| 856 |
4 |
0 |
|z Full text available from Research Library: 06/01/1998 to 11/30/1999
|u https://search.proquest.com/publication/32112
|